Lingots, Minerais et Gemmes de Terraria - Statistiques

Statistiques générales
  • Ce quiz a été pris 71 fois
  • Le résultat moyen est 34 sur 51
Statistiques - réponses
Tier Pré-hardmode % Correct
Lingot de fer
95%
Lingot d'or
95%
2 Minerai de fer
95%
4 Minerai d'or
95%
Diamant
91%
Lingot de cuivre
91%
1 Minerai de cuivre
91%
Émeraude
89%
Rubis
86%
Saphir
86%
Lingot de platine
84%
Minerai de platine
84%
Lingot d'argent
80%
3 Minerai d'argent
80%
Gemme Améthyste
77%
Lingot de chlorophyte
77%
Lingot de cobalt
77%
Lingot de plomb
77%
12 Minerai de chlorophyte
77%
9 Minerai de cobalt
77%
Minerai de plomb
77%
Lingot de tungstène
73%
Minerai de tungstène
73%
Topaze
73%
Lingot de titane
70%
Minerai de titane
70%
Lingot de palladium
68%
Minerai de palladium
68%
Lingot de luminite
59%
Lingot d'étain
59%
13 Minerai de luminite
59%
Minerai d'étain
59%
10 Minerai de mithril
57%
Lingot de mithril
57%
Lingot d'orichalque
57%
Minerai d'orichalque
57%
Lingot de démonite
55%
6 Minerai de démonite
55%
Lingot d'adamantite
52%
11 Minerai d'adamantite
52%
Lingot de pierre infernale
50%
11,5 Lingot sacré
50%
8 Pierre infernale
50%
Lingot de météorite
48%
5 Minerai de météorite
48%
12,5 Lingot de champignite
45%
Ambre
41%
Lingot de carmitane
39%
Minerai de carmitane
39%
7 Obsidienne
36%
Lingot spectral
32%
Aucun quiz correspondant
Distribution des résultats
% des personnes avec chaque résultat
Percentile par nombre de réponses
Votre historique - résultats
Vous n’avez pas pris ce quiz